Jean-Marie Straub y Danièle Huillet, escritos
I tiakina i:
| Kaituhi matua: | |
|---|---|
| Hōputu: | Pukapuka |
| Reo: | Pāniora |
| I whakaputaina: |
Barcelona
Intermedio
2011
|
| Ngā marau: | |
| Ngā Tūtohu: |
Tāpirihia he Tūtohu
Kāore He Tūtohu, Me noho koe te mea tuatahi ki te tūtohu i tēnei pūkete!
|
MARC
| LEADER | 00000cam a2200000 a 4500 | ||
|---|---|---|---|
| 001 | UCE3274 | ||
| 003 | CL-VaPUC | ||
| 008 | 140829e20110000sp |||||||||||||||||spa|d | ||
| 020 | |a 978846146771 | ||
| 082 | 0 | 4 | |a 791.43 |b ASI |2 21 |
| 100 | 0 | |a Asín, Manuel |e author |9 575832 | |
| 245 | 1 | 0 | |a Jean-Marie Straub y Danièle Huillet, escritos |
| 300 | |a 291 p | ||
| 942 | |c BK | ||
| 945 | |d 20140829 08:59:00 |a cmena | ||
| 260 | |a Barcelona |b Intermedio |c 2011 | ||
| 500 | |a Inserto en v.3 Filmografía de Jean-Marie Straub y Daniele Huillet | ||
| 650 | 7 | |a DIRECTORES CINEMATOGRAFICOS |2 CL-VaPUC |9 575833 | |
| 650 | 0 | |a Escritos |9 255895 | |
| 583 | |a last modification |c 20140829 08:59:00 |k Rodrigo Vera | ||
| 999 | |c 356695 |d 356693 | ||
| 952 | |0 0 |1 0 |3 erb |4 0 |6 791_430000000000000_ASI_2011 |7 0 |8 X |9 464217 |a FDOSRS |b FDOSRS |i 5092922 |o 791.43 ASI 2011 |p 5092922 |r 2025-03-13 |w 2019-11-23 |y BK_X |z Catalogado en:20140829 |k SRS | ||